000
00280nam a22001097a 4500
082
_a
621.381548 GIL
100
_a
GILLUES,ROBERT.B
_9
65639
245
_a
INSTRUMENTATION AND MEASUREMENTS FOR ELECTRONIC TECHNICIANS
260
_a
NEW YORK
_b
PDF
_c
1969
300
_a
266P
942
_c
BK
999
_c
573793
_d
573793